| 000 | 00580nam a2200181Ia 4500 | ||
|---|---|---|---|
| 003 | GCL | ||
| 008 | 140319s9999 xx 000 0 ara d | ||
| 040 |
_aGCL / _cGCL |
||
| 082 | 0 | 4 |
_a301.417 _bع ج |
| 100 | 1 | _aعلى كمال | |
| 245 | 1 | 0 |
_aالجنس والنفس فى الحياه الانسانية / _cعلى كمال |
| 260 |
_a[S.N] : _bالمؤسسة العربية للدراسات والنشر ، _c1994 |
||
| 300 | _a823 | ||
| 490 |
_aسلسلة ابواب العقل الموحدة _v0 |
||
| 650 | 0 | 4 | _aالجنس |
| 650 | 0 | 4 | _aعلم النفس |
| 942 |
_2ddc _cBK |
||
| 999 |
_c54574 _d54574 |
||